Devine qui est cette célébrité... - Statistiques

Statistiques générales
  • Ce quiz a été pris 1 799 fois
  • Le résultat moyen est 11 sur 16
Statistiques - réponses
Par images Réponse % Correct
Emma Watson
93%
Adele
88%
Taylor Swift
86%
Zendaya
86%
Katy Perry
84%
Brad Pitt
77%
Will Smith
77%
Kylie Jenner
76%
Robert Pattinson
75%
George Clooney
70%
Britney Spears
66%
Daniel Radcliffe
62%
Jackie Chan
61%
Steve Jobs
54%
Tom Cruise
53%
Tom Hanks
44%
Aucun quiz correspondant
Distribution des résultats
% des personnes avec chaque résultat
Percentile par nombre de réponses
Votre historique - résultats
Vous n’avez pas pris ce quiz